000
00310nam a2200121 a 4500
005
20140414131857.0
008
100826s19uu xx 00 eng d
050
_a
FIL
_b
Al1 2009
100
_a
Matias, Segundo
245
_a
Alamat ng pagong.
260
_a
Philippines :
_b
Lampara Books,
_c
2009.
999
_c
110511
_d
110511